| 000 | 00925nam a2200289 i 4500 | ||
|---|---|---|---|
| 001 | bg | ||
| 003 | BPK | ||
| 005 | 20211215113722.0 | ||
| 008 | 060120s2006 pl a f f |001 0 pol | ||
| 015 | _aPB 2006/3296 | ||
| 020 | _a8320431093 | ||
| 040 |
_aWA N _cBPK |
||
| 080 | _a681.58 | ||
| 080 | _a621.3.049.77 | ||
| 080 | _a004.31 | ||
| 080 | _a(075.8) | ||
| 100 | 1 |
_aKasprzyk, Jerzy _eAutor |
|
| 245 | 1 | 0 |
_aProgramowanie sterowników przemysłowych / _cJerzy Kasprzyk. |
| 260 |
_aWarszawa : _bWydawnictwa Naukowo-Techniczne, _c2006. |
||
| 300 |
_a305, [1] s. : _bil. ; _c24 cm. |
||
| 504 | _aBibliogr. s. 288-289. Indeks. | ||
| 655 | 4 | _aPodręczniki akademickie | |
| 650 | 4 | _aSterowniki programowalne | |
| 710 | 2 |
_aWydawnictwa Naukowo-Techniczne _4pbl. |
|
| 856 |
_uhttp://koha.tu.koszalin.pl/cgi-bin/koha/opac-detail.pl?biblionumber=51517 _yKatalog online BPK |
||
| 942 |
_2UKD _cKS |
||
| 999 |
_c51517 _d51517 |
||